000 005100000a22001810004500
003 MACL
005 20160310160529.0
008 160310b xxu||||| |||| 00| 0 eng d
040 _aMACL
_cMACL
041 _aHindi
082 _a891.433
100 _aअश्‍क कौशल्‍या
_944624
245 _aबेचारी राधा
260 _bरचना प्रकाशन
_c1969
_aइलाहाबाद
350 _a6
650 _aStories
_944625
942 _cHIN
_k891.433
_2ddc
999 _c25970
_d25970